000 00937nam a2200277 i 4500
001 16256
003 DO-SdUEMH
005 20260123205556.0
007 ta
008 211105s2006||||dr |||gr|||| 0|| | spa d
040 _aDO-SdUEMH
_bspa
_erda
041 _aspa
082 1 4 _aRD343.034007293 C172S 2006
_mRD
084 _b08-00334
245 0 _aStatus Jurídico de los Miembros de la Cámara de Cuentas de la República Dominicana
260 _c2006
264 1 _aSanto Domingo, República Dominicana :
_c©2006
300 _a100 páginas :
_c20 cm.
336 _2rdacontent
_atexto
_btxt
337 _2rdamedia
_asin mediación
_bn
338 _2rdacarrier
_avolumen
_bnc
504 _aContiene Información Bibliográfica a Final de la Obra.
505 2 _aDr. Manuel Bergés Chupani -- Dr. Milton Ray Guevara -- Licenciado Eric Raful Pérez y Salvador Catrain -- Don Javier Medina Guijarro.
942 _2ddc
_cBK
_n0
999 _c16256
_d16256